| 000 | 00486pab a2200145 454500 | ||
|---|---|---|---|
| 008 | 180718b2001 xxu||||| |||| 00| 0 eng d | ||
| 100 | _aBaird, Kevin | ||
| 245 | _aWhat is a community service obligation (CSO)? an analysis of the issues involved in indentfying and accounting for CSOs within public sector organisation | ||
| 260 | _c2001 | ||
| 300 | _ap.50-66 | ||
| 362 | _aDec | ||
| 650 | _aCommunity action | ||
| 773 | _aAustralian Journal of Public Administration | ||
| 909 | _a51606 | ||
| 999 |
_c51606 _d51606 |
||